【常用漢字】三水 - Statistics

General Stats
  • This quiz has been taken 67 times
  • The average score is 49 of 112
Answer Stats
解答 読み方 % Correct
カイ,うみ
96%
コ,みずうみ
85%
チ,いけ
83%
カ,かわ
81%
ジュウ,シュウ,しる,つゆ
79%
ショウ,ぬま
77%
リュウ,ル,ながれる,ながす
77%
ハ,なみ
75%
セイ,ショウ,シン,きよい,きよまる,きよめる,さやか,すむ
75%
カン,あせ
72%
エイ,およぐ
70%
シン,つ,しる
70%
タク,さわうるおう,つや
68%
ルイ,なみだ
68%
コウ,え
66%
チュウ,おき,とぶ,むなしい
66%
セン,あさい
66%
ヒン,はま
66%
サ,シャ,すな,みぎわ,よなげる
64%
シン,ふかい,ふかまる,ふかめる,ふける,み
64%
オン,ウン,あたたか,あたたかい,あたたまる,あたためる,ぬくい,ぬるい,ぬくめる,ぬくまる,たずねる,つつむ
64%
ロウ,たき
64%
ライ,せ
64%
チョウ,しお,うしお
62%
セン,あらう
60%
ロウ,ラン,なみ,みだりに
60%
チュウ,そそぐ,つぐ,さす
58%
コウ,みなと
57%
ト,わたる,わたす
57%
トウ,ショウ,ゆ
57%
ヨウ,うみ,なだ,ひろい
55%
フ,フウ,ブ,うく,うかれる,うかぶ,うかべる
55%
ヨク,あびる,あびせる,ゆあみ
55%
ノウ,ジョウ,こい,こまやか
55%
タン,あわい,うすい
53%
ゲン,みなもと
53%
ジュン,うるおう,うるおす,うるむ,ほとびる
53%
チン,ジン,しずむ,しずめる
51%
ハク,とまる,とめる
51%
ホ,うら
51%
エキ,しる,わき
51%
デイ,どろ,なずむ
49%
ユ,ユウ,あぶら
49%
カン,おとこ,から
47%
ホウ,あわ,あぶく
45%
ショウ,きえる,けす
45%
サイ,セイ,すむ,すます,すくう,なす,わたる,わたす
45%
湿 シツ,しめる,しめす,うるおい,うるおす
45%
コウ,みぞ,どぶ
45%
ギョ,リョウ,すなどる,あさる,いさり
45%
オ,けがす,けがれる,けがらわしい,よごす,よごれる,きたない
43%
タ,タイ,よなげる,にごる,おごる
43%
ワン,いりえ
43%
キ,ゆげ
42%
キュウ,なく
42%
ジュウ,シュウ,しぶ,しぶい,しぶる
42%
ヨウ,とける,とかす,とく
42%
セキ,かた
42%
セン,ひそむ,もぐる,くぐる
42%
沿 エン,そう,ふち
40%
フツ,ヒ,わく,わかす,たてる,にえ
40%
シン,ひたす,ひたる,つく,つかる,しみる
40%
テキ,しずく,したたる,たれる
40%
ホウ,ハッ,ホッ,のり,のっとる,フラン
38%
カツ,いきる,いける,いかす
38%
コン,まじる,まざる,まぜる,こむ
38%
リョウ,すずしい,すずむ,うすい
38%
ユウ,ヨウ,わく
38%
ロウ,もる,もれる,もらす
38%
チョウ,すむ,すます
38%
タク,あらう,すすぐ
38%
ジ,チ,おさめる,おさまる,なおる,なおす
36%
コウ,おおみず
36%
ジョウ,きよい
36%
マン,バン,みちる,みたす
36%
デキ,ニョウ,ジョウ,おぼれる,ゆばり,いばり
34%
ケツ,きめる,きまる
32%
ゲン,へる,へらす
32%
シ,つける,つかる
32%
ヒョウ,ただよう,さらす
32%
ショウ,わたる,かかわる
30%
カ,うず
30%
ハン,ひろがる,あふれる
28%
タイ,とどこおる
28%
ボツ,モツ,しずむ,おぼれる,しぬ,ない
26%
カツ,かわく,むさぼる
26%
ケイ,たに
26%
ジ,シ,しげる,ます
26%
カツ,コツ,すべる,なめらか,ぬめる
26%
ケツ,いさぎよい,きよい
26%
ラン,みだれる,みだりに,うかべる
26%
ソク,はかる
25%
ダク,ジョク,にごる,にごす
25%
ドウ,トウ,ほら,うろ,つらぬく,ふかい,うつろ
23%
イン,みだら,あふれる,ふける,ほしいまま,みだす,みだら,おおきい,ながあめ
21%
テン,そえる,そう
21%
バク,マク,すなはら,ひろい
19%
メツ,ベツ,ほろびる,ほろぼす
19%
ゲキ,はげしい,はげます
19%
ハン,フウ,ホウ,ひろい,うかぶ,あふれる
17%
キョウ,ありさま,いわんや
17%
ハ,ハイ,わかれる,つかわす
17%
ガイ,みぎわ,はて
17%
シツ,うるし
17%
ゼン,ザン,ようやく,すすむ,やや
17%
ヨク,オク,そそぐ,こえる
15%
ヒツ,ヒ,にじむ
15%
エン,のべる,おこなう
15%
マン,バン,みだりに,そぞろに
15%
ジュン,シュン,セツ,なぞらえる
13%
シュク,しとやか,よい
9%
カイ,つぶす,つぶれる,ついえる,みだれる
9%
No matching quizzes found
Score Distribution
Percent of People with Each Score
Percentile by Number Answered
Your Score History
You have not taken this quiz